LEADER 01019nam a2200241 a 4500 001 000000144512 003 CaOOAMICUS 005 20150702085205.0 008 150702m19669999it u000 u fre r 040 $aPUL$bita 100 1 $aLe Déaut, Roger,$cC.S.Sp.,$d1923-$0(OLS)http://pul/name/2307 245 10$aIntroduction à la littérature targumique /$cR. Le Déaut. 260 $aRome :$bInstitut Biblique Pontifical,$c1966- 300 $av ;$c24 cm 500 $aSul front.: Ad usum privatum. 630 04$aBiblia.$pN.T.$xCritica e interpretazione.$0(OLS)http://pul/subject/1926 630 04$aBiblia.$pV.T.$xVersioni.$0(OLS)http://pul/subject/20848 850 $aPUL 852 $aPUL$W1$xDP1 Fondo S. Lanza$y121$m3 H 27$j166796$av. 1$qFondi$B167386$CPULBib$Z2$F167386 $HLan723 $82 941 1 $a1 996 $6245$aIntroduction à la littérature targumique$9(OLS)http://pul/title/182825 996 $6260$aRome :$bInstitut Biblique Pontifical$9(OLS)http://pul/publisher/52931 LEADER 01233nam a2200289 u 4500 001 000000044900 003 CaOOAMICUS 005 20070226114612.0 008 990512s1994 it u000 u ita u 020 $a8813188250 035 $a10822952 040 $aMSA$bita 100 1 $aCarpi, Federico.$0(OLS)http://pul/name/32706 245 10$aCommentario breve al codice di procedura civile /$cF.Carpi, M.Taruffo. 260 $aPadova :$bCEDAM,$c1994. 300 $a1818 p. ;$c22 cm 490 1 $aBreviaria Iuris ;$v3 650 4$aProcedura civile$zItalia.$0(OLS)http://pul/subject/14566 700 1 $aTaruffo, Michele,$d1943-2020.$0(OLS)http://pul/name/32707 710 1 $aItalia.$kLeggi, statuti, ecc.$0(OLS)http://pul/name/10145 830 0$aBreviaria Iuris ;$v3.$0(OLS)http://pul/title/8521 850 $aPUL 852 $aPUL$W1$xDP2 Diritto e Scienze Sociali 2$y100$mUtrCiv D 6$j60375$nBK-PRI$qStampati Altre Collocazioni$B60375$CPULBib$Z2$F60375 $H72520 $82 941 1 $a10 996 $6020$a8813188250$9(OLS)http://pul/number/56013 996 $6245$aCommentario breve al codice di procedura civile$9(OLS)http://pul/title/60551 996 $6260$aPadova :$bCEDAM$9(OLS)http://pul/publisher/48126